<?xml version="1.0" encoding="UTF-8"?>
<marc:record xmlns:marc="http://www.loc.gov/MARC21/slim" type="Bibliographic">
   <marc:leader>00000pam a2200000 c 4500</marc:leader>
   <marc:controlfield tag="001">973268999</marc:controlfield>
   <marc:controlfield tag="003">DE-101</marc:controlfield>
   <marc:controlfield tag="005">20171203173333.0</marc:controlfield>
   <marc:controlfield tag="007">tu</marc:controlfield>
   <marc:controlfield tag="008">041223s2004    gw ||||| |||| 00||||ger  </marc:controlfield>
   <marc:datafield ind1=" " ind2=" " tag="015">
      <marc:subfield code="a">05,A19,0371</marc:subfield>
      <marc:subfield code="z">05,N04,0392</marc:subfield>
      <marc:subfield code="2">dnb</marc:subfield>
   </marc:datafield>
   <marc:datafield ind1="7" ind2=" " tag="016">
      <marc:subfield code="2">DE-101</marc:subfield>
      <marc:subfield code="a">973268999</marc:subfield>
   </marc:datafield>
   <marc:datafield ind1=" " ind2=" " tag="020">
      <marc:subfield code="a">9783786725527</marc:subfield>
      <marc:subfield code="c">kart. : EUR 22.80 (DE), EUR 23.50 (AT), sfr 40.00</marc:subfield>
      <marc:subfield code="9">978-3-7867-2552-7</marc:subfield>
   </marc:datafield>
   <marc:datafield ind1=" " ind2=" " tag="020">
      <marc:subfield code="a">3786725527</marc:subfield>
      <marc:subfield code="c">kart. : EUR 22.80 (DE), EUR 23.50 (AT), sfr 40.00</marc:subfield>
      <marc:subfield code="9">3-7867-2552-7</marc:subfield>
   </marc:datafield>
   <marc:datafield ind1="3" ind2=" " tag="024">
      <marc:subfield code="a">9783786725527</marc:subfield>
   </marc:datafield>
   <marc:datafield ind1=" " ind2=" " tag="035">
      <marc:subfield code="a">(DE-599)DNB973268999</marc:subfield>
   </marc:datafield>
   <marc:datafield ind1=" " ind2=" " tag="035">
      <marc:subfield code="a">(OCoLC)254288387</marc:subfield>
   </marc:datafield>
   <marc:datafield ind1=" " ind2=" " tag="040">
      <marc:subfield code="a">1245</marc:subfield>
      <marc:subfield code="b">ger</marc:subfield>
      <marc:subfield code="c">DE-101</marc:subfield>
      <marc:subfield code="d">9999</marc:subfield>
   </marc:datafield>
   <marc:datafield ind1=" " ind2=" " tag="041">
      <marc:subfield code="a">ger</marc:subfield>
   </marc:datafield>
   <marc:datafield ind1=" " ind2=" " tag="044">
      <marc:subfield code="c">XA-DE-RP</marc:subfield>
   </marc:datafield>
   <marc:datafield ind1="7" ind2="4" tag="082">
      <marc:subfield code="a">230</marc:subfield>
      <marc:subfield code="q">DE-101</marc:subfield>
      <marc:subfield code="2">22sdnb</marc:subfield>
   </marc:datafield>
   <marc:datafield ind1=" " ind2=" " tag="090">
      <marc:subfield code="a">b</marc:subfield>
   </marc:datafield>
   <marc:datafield ind1="0" ind2="0" tag="245">
      <marc:subfield code="a">Zeuge des Wortes Gottes</marc:subfield>
      <marc:subfield code="b">Hermann Kardinal Volk</marc:subfield>
      <marc:subfield code="c">hrsg. von Karl Kardinal Lehmann und Peter Reifenberg</marc:subfield>
   </marc:datafield>
   <marc:datafield ind1=" " ind2="1" tag="264">
      <marc:subfield code="a">Mainz</marc:subfield>
      <marc:subfield code="b">Matthias-Grünewald-Verl.</marc:subfield>
      <marc:subfield code="c">2004</marc:subfield>
   </marc:datafield>
   <marc:datafield ind1=" " ind2=" " tag="300">
      <marc:subfield code="a">263 S.</marc:subfield>
      <marc:subfield code="b">Ill.</marc:subfield>
      <marc:subfield code="c">23 cm</marc:subfield>
   </marc:datafield>
   <marc:datafield ind1=" " ind2=" " tag="336">
      <marc:subfield code="a">Text</marc:subfield>
      <marc:subfield code="b">txt</marc:subfield>
      <marc:subfield code="2">rdacontent</marc:subfield>
   </marc:datafield>
   <marc:datafield ind1=" " ind2=" " tag="337">
      <marc:subfield code="a">ohne Hilfsmittel zu benutzen</marc:subfield>
      <marc:subfield code="b">n</marc:subfield>
      <marc:subfield code="2">rdamedia</marc:subfield>
   </marc:datafield>
   <marc:datafield ind1=" " ind2=" " tag="338">
      <marc:subfield code="a">Band</marc:subfield>
      <marc:subfield code="b">nc</marc:subfield>
      <marc:subfield code="2">rdacarrier</marc:subfield>
   </marc:datafield>
   <marc:datafield ind1=" " ind2=" " tag="520">
      <marc:subfield code="a">Am 27. Dezember 2003 wäre Hermann Kardinal Volk 100 Jahre alt geworden. Besonders im Bistum Mainz, aber auch weit darüber hinaus, ist die Erinnerung an diese große Persönlichkeit immer noch außerordentlich lebendig. Seine nimmermüde Hinwendung zum Menschen, seine Güte und seine Bescheidenheit wie auch die Orte, an denen er wirkte, halten das Andenken an diese volksnahe, weltkirchlich weitblickende Gestalt der deutschen Kirche wach. Durch seine frühe Auseinandersetzung mit der evangelischen Theologie und durch sein jahrelanges Engagement wurde er zu einem der wichtigsten Pioniere der ökumenischen Bewegung. Ohne seinen Namen ist eine Geschichte des deutschen Beitrags zum Zweiten Vatikanischen Konzil nicht zu schreiben. Die Beiträge namhafter Autoren ehren den Pfarrer, den Glaubenszeugen, den theologischen Lehrer, den Konzilsvater, den Bischof und Kardinal, aber auch den Freund und Menschen Hermann Volk.</marc:subfield>
   </marc:datafield>
   <marc:datafield ind1="1" ind2="7" tag="600">
      <marc:subfield code="0">(DE-588)118627716</marc:subfield>
      <marc:subfield code="0">http://d-nb.info/gnd/118627716</marc:subfield>
      <marc:subfield code="0">(DE-101)118627716</marc:subfield>
      <marc:subfield code="a">Volk, Hermann</marc:subfield>
      <marc:subfield code="d">1903-1988</marc:subfield>
      <marc:subfield code="2">gnd</marc:subfield>
   </marc:datafield>
   <marc:datafield ind1=" " ind2=" " tag="653">
      <marc:subfield code="a">(VLB-PF)BC: Paperback</marc:subfield>
   </marc:datafield>
   <marc:datafield ind1=" " ind2=" " tag="653">
      <marc:subfield code="a">(VLB-WI)1: Hardcover, Softcover, Karte</marc:subfield>
   </marc:datafield>
   <marc:datafield ind1=" " ind2=" " tag="653">
      <marc:subfield code="a">(VLB-WG)543: Religion, Theologie / Biografien</marc:subfield>
   </marc:datafield>
   <marc:datafield ind1=" " ind2="7" tag="655">
      <marc:subfield code="0">(DE-588)1071861417</marc:subfield>
      <marc:subfield code="0">http://d-nb.info/gnd/1071861417</marc:subfield>
      <marc:subfield code="0">(DE-101)1071861417</marc:subfield>
      <marc:subfield code="a">Konferenzschrift</marc:subfield>
      <marc:subfield code="y">2003</marc:subfield>
      <marc:subfield code="z">Mainz</marc:subfield>
      <marc:subfield code="2">gnd-content</marc:subfield>
   </marc:datafield>
   <marc:datafield ind1=" " ind2="7" tag="655">
      <marc:subfield code="a">Kongress</marc:subfield>
      <marc:subfield code="z">Mainz &lt;2003&gt;</marc:subfield>
      <marc:subfield code="2">gnd</marc:subfield>
   </marc:datafield>
   <marc:datafield ind1="0" ind2="0" tag="689">
      <marc:subfield code="0">(DE-588)118627716</marc:subfield>
      <marc:subfield code="0">http://d-nb.info/gnd/118627716</marc:subfield>
      <marc:subfield code="0">(DE-101)118627716</marc:subfield>
      <marc:subfield code="D">p</marc:subfield>
      <marc:subfield code="a">Volk, Hermann</marc:subfield>
      <marc:subfield code="d">1903-1988</marc:subfield>
   </marc:datafield>
   <marc:datafield ind1="0" ind2="1" tag="689">
      <marc:subfield code="A">f</marc:subfield>
      <marc:subfield code="a">Kongress</marc:subfield>
   </marc:datafield>
   <marc:datafield ind1="0" ind2="2" tag="689">
      <marc:subfield code="A">g</marc:subfield>
      <marc:subfield code="a">Mainz &lt;2003&gt;</marc:subfield>
   </marc:datafield>
   <marc:datafield ind1="0" ind2=" " tag="689">
      <marc:subfield code="5">DE-101</marc:subfield>
      <marc:subfield code="5">DE-101</marc:subfield>
   </marc:datafield>
   <marc:datafield ind1="1" ind2=" " tag="700">
      <marc:subfield code="0">(DE-588)11872715X</marc:subfield>
      <marc:subfield code="0">http://d-nb.info/gnd/11872715X</marc:subfield>
      <marc:subfield code="0">(DE-101)11872715X</marc:subfield>
      <marc:subfield code="a">Lehmann, Karl</marc:subfield>
      <marc:subfield code="d">1936-2018</marc:subfield>
      <marc:subfield code="e">Herausgeber</marc:subfield>
      <marc:subfield code="4">edt</marc:subfield>
   </marc:datafield>
   <marc:datafield ind1=" " ind2=" " tag="850">
      <marc:subfield code="a">DE-101a</marc:subfield>
      <marc:subfield code="a">DE-101b</marc:subfield>
   </marc:datafield>
   <marc:datafield ind1="4" ind2="2" tag="856">
      <marc:subfield code="m">V:DE-601</marc:subfield>
      <marc:subfield code="q">application/pdf</marc:subfield>
      <marc:subfield code="u">http://d-nb.info/973268999/04</marc:subfield>
      <marc:subfield code="3">Inhaltsverzeichnis</marc:subfield>
   </marc:datafield>
   <marc:datafield ind1="r" ind2=" " tag="925">
      <marc:subfield code="a">ra</marc:subfield>
   </marc:datafield>
</marc:record>
